| 000 | 00439cam a22001451 4500 | ||
|---|---|---|---|
| 082 |
_a666.1 _bGLA _cL-7, P-3 |
||
| 100 | 1 |
_aMorgan, Phillip, _944895 |
|
| 245 | 0 | 0 | _aGlass reinforced plastics. |
| 260 |
_aLondon, _bIliffe; _aNew York, _bPhilosophical Library _c[1954] |
||
| 300 |
_a248 p. _billus. _c25 cm. |
||
| 526 |
_a0 _b0 _c0 _d666_100000000000000_GLA |
||
| 650 | 0 |
_aGlass-reinforced plastics. _943282 |
|
| 650 | 0 |
_aMCE _9379 |
|
| 942 |
_2ddc _cBK |
||
| 999 |
_c548545 _d548545 |
||